Get the Picture: Ivy League Schools Quiz Stats

 Plays Quiz Updated Jul 25, 2019

Score 0/16 Timer 03:00
6 Plays Today
Question Answer Wrong Answers
Yale University In the Ivy League
94.8%
Not in the Ivy League
1.1%
Harvard University In the Ivy League
94.5%
Not in the Ivy League
0.8%
Princeton University In the Ivy League
93.9%
Not in the Ivy League
1.6%
Brown University In the Ivy League
92.4%
Not in the Ivy League
3.4%
University of Chicago Not in the Ivy League
92.1%
In the Ivy League
3.5%
Bowdoin College Not in the Ivy League
91.7%
In the Ivy League
3.8%
California Institute of Technology Not in the Ivy League
90.6%
In the Ivy League
4.8%
Columbia University In the Ivy League
89.9%
Not in the Ivy League
6.1%
Cornell University In the Ivy League
89.8%
Not in the Ivy League
5.9%
Dartmouth College In the Ivy League
89.6%
Not in the Ivy League
6.2%
Northwestern University Not in the Ivy League
88.3%
In the Ivy League
7.3%
Johns Hopkins University Not in the Ivy League
87%
In the Ivy League
8.6%
University of Pennsylvania In the Ivy League
81.2%
Not in the Ivy League
14.9%
Massachusetts Institute of Technology Not in the Ivy League
79.7%
In the Ivy League
15.9%
Duke University Not in the Ivy League
79.4%
In the Ivy League
16%
Stanford University Not in the Ivy League
69.2%
In the Ivy League
26.5%

Today's Daily Dose

Word Ladder
Lean on Me

Get the Picture
Superhero by Villain

You're not logged in!

Compare scores with friends on all Sporcle quizzes.
OR
Log In

Sporcle TV

Today on Sporcle TV


Watch our educational content, quiz creation guides, and fun videos on Sporcle TV.

Show Comments

Extras

Top Quizzes Today


Score Distribution

Your Account Isn't Verified!

In order to create a playlist on Sporcle, you need to verify the email address you used during registration. Go to your Sporcle Settings to finish the process.

Report this User

Report this user for behavior that violates our Community Guidelines.

Details: